00594 2200217 4500001002100000005001500021035002000036245005700056250001500113300003100128020002200159082001000181084001600191264004400207336003600251337002000287338002700307600002400334990000900358990000900367INLIS00000000000231620260226081345 a0010-02260001481 aMemahami Energi,Listrik,Dan Magnet /cRahmat Hidayat aApril,2014 a84 hlm :bilust ;c24.5 cm a978-602-8363-20-4 a531.6 a531.6 RAH m aBandung :bGraha Bandung Kencana,c2014 2rdacontentaIlmu Murni (Fisika) 2rdamediaaFisik 2rdacarrieraHard Cover 4aIlmu Murni (Fisika) a6889 a6893